[Event "GBR-ch111 Major Open"]
[Site "Liverpool"]
[Date "2025.08.09"]
[Round "8.51"]
[White "Bartlett, Joel"]
[Black "Korsinskij, Nikolas"]
[Result "1-0"]
[WhiteElo "1858"]
[BlackElo "1674"]
[PlyCount "87"]
[EventDate "2025.08.02"]
[EventType "swiss"]
[EventRounds "9"]
[EventCountry "GBR"]
[SourceTitle "BritBase"]
[Source "John Saunders"]
[SourceDate "2025.08.11"]
[SourceVersion "1"]
[SourceVersionDate "2025.08.11"]
[SourceQuality "1"]

1. e4 c5 2. Nf3 e6 3. c3 d5 4. exd5 Qxd5 5. d4 Nc6 6. Bd3 Bd7 7. Be3 Nf6 8. O-O c4 9. Be2 Rc8 10. Nbd2 b5 11. b3 Na5 12. Ne5 Qb7 13. bxc4 bxc4 14. Ndxc4 Nxc4 15. Bxc4 Bd6 16. Qe2 Qc7 17. Ba6 Rb8 18. Bd2 O-O 19. Bd3 Rb2 20. h3 Bxe5 21. dxe5 Nd5 22. Qe4 f5 23. exf6 Nxf6 24. Qe2 Nd5 25. g3 Nxc3 26. Qh5 g6 27. Bxg6 hxg6 28. Qxg6+ Kh8 29. Qh6+ Kg8 30. Qg6+ Kh8 31. Qh5+ Kg8 32. Qg4+ Kh7 33. Rac1 Rxd2 34. Qh5+ Kg7 35. Qg5+ Kh7 36. Qxd2 Rf3 37. Rfd1 Bb5 38. Re1 Ne2+ 39. Rxe2 Qxc1+ 40. Qxc1 Bxe2 41. Qe1 Bd3 42. Qxe6 Bg6 43. Kg2 Rf7 44. h4 1-0

[Event "GBR-ch111 Major Open"]
[Site "Liverpool"]
[Date "2025.08.09"]
[Round "8.52"]
[White "Eldridge, Albert"]
[Black "Ranasinghe, Chaniru"]
[Result "0-1"]
[WhiteElo "1792"]
[BlackElo "1642"]
[PlyCount "92"]
[EventDate "2025.08.02"]
[EventType "swiss"]
[EventRounds "9"]
[EventCountry "GBR"]
[SourceTitle "BritBase"]
[Source "John Saunders"]
[SourceDate "2025.08.11"]
[SourceVersion "1"]
[SourceVersionDate "2025.08.11"]
[SourceQuality "1"]

1. d4 Nf6 2. c4 g6 3. Nf3 Bg7 4. e3 d6 5. Be2 Nbd7 6. O-O O-O 7. Nc3 Ne8 8. Qc2 e5 9. d5 f5 10. b4 a5 11. Rb1 axb4 12. Rxb4 Nef6 13. Na4 b6 14. Ng5 Nc5 15. Nxc5 bxc5 16. Ra4 Rxa4 17. Qxa4 Bd7 18. Qc2 h6 19. Nf3 Qa8 20. Nh4 Kh7 21. g4 e4 22. gxf5 gxf5 23. Kh1 Rg8 24. Ng2 Qa4 25. Qxa4 Bxa4 26. Bb2 Bd7 27. Bc3 Ra8 28. Ra1 c6 29. dxc6 Bxc6 30. Nf4 Bd7 31. a3 Ne8 32. Bxg7 Kxg7 33. Nd5 Be6 34. a4 Bxd5 35. cxd5 Nc7 36. Bc4 Kf6 37. Kg2 Ke5 38. Kf1 Ra5 39. Ke2 Na8 40. Kd2 Nb6 41. Kc3 Rxa4 42. Rxa4 Nxa4+ 43. Kb3 Nb6 44. Be2 Nxd5 45. Kc4 Nf6 46. h4 Ng4 0-1

[Event "GBR-ch111 Major Open"]
[Site "Liverpool"]
[Date "2025.08.09"]
[Round "8.53"]
[White "Mize, Dylan"]
[Black "Byrne, Colin J"]
[Result "1-0"]
[WhiteElo "1791"]
[BlackElo "1716"]
[PlyCount "117"]
[EventDate "2025.08.02"]
[EventType "swiss"]
[EventRounds "9"]
[EventCountry "GBR"]
[SourceTitle "BritBase"]
[Source "John Saunders"]
[SourceDate "2025.08.11"]
[SourceVersion "1"]
[SourceVersionDate "2025.08.11"]
[SourceQuality "1"]

1. d4 Nf6 2. Nf3 g6 3. Bg5 Bg7 4. Nbd2 h6 5. Bh4 g5 6. Bg3 Nh5 7. e3 Nxg3 8. hxg3 d6 9. Bd3 Nd7 10. c3 e5 11. Qc2 O-O 12. O-O-O Qe7 13. Kb1 Nf6 14. e4 Ng4 15. Nf1 c5 16. dxc5 dxc5 17. N3h2 c4 18. Bxc4 Qc5 19. Nxg4 Bxg4 20. Be2 Be6 21. Ne3 Rac8 22. Qa4 a6 23. Qb4 Qa7 24. Qa4 Rc5 25. c4 Rfc8 26. Rd2 b5 27. cxb5 Qc7 28. Qd1 axb5 29. Nd5 Qb7 30. Qb3 Bf8 31. f4 Qc6 32. Qd1 Bxd5 33. exd5 Qg6+ 34. Bd3 e4 35. Bc2 g4 36. d6 Rd8 37. Re1 f5 38. Bb3+ Kh7 39. d7 Qf6 40. Ree2 Rc6 41. Rd5 Bd6 42. Rxb5 Rc7 43. Qd5 Kg6 44. Rd2 Rcxd7 45. Rb6 Kg7 46. Ba4 Re7 47. Rxd6 Rxd6 48. Qxd6 Qxd6 49. Rxd6 e3 50. Rd1 h5 51. Bc2 Kg6 52. Kc1 h4 53. gxh4 g3 54. Rh1 Kh5 55. Bxf5 Rf7 56. Be4 Rxf4 57. Bf3+ Rxf3 58. gxf3 g2 59. Rg1 1-0

[Event "GBR-ch111 Major Open"]
[Site "Liverpool"]
[Date "2025.08.09"]
[Round "8.54"]
[White "Taylor, Matthew"]
[Black "Sahoo, Shivam"]
[Result "0-1"]
[WhiteElo "1762"]
[BlackElo "1791"]
[PlyCount "100"]
[EventDate "2025.08.02"]
[EventType "swiss"]
[EventRounds "9"]
[EventCountry "GBR"]
[SourceTitle "BritBase"]
[Source "John Saunders"]
[SourceDate "2025.08.11"]
[SourceVersion "1"]
[SourceVersionDate "2025.08.11"]
[SourceQuality "1"]

1. c4 Nf6 2. Nc3 g6 3. g3 Bg7 4. Bg2 O-O 5. e4 d6 6. Nge2 Nbd7 7. d3 e5 8. O-O a5 9. h3 Ne8 10. Be3 c6 11. a4 Nc7 12. f4 f5 13. exf5 gxf5 14. Rb1 Ne6 15. Na2 Rf7 16. Kh2 Nef8 17. Nac3 Ng6 18. Qc2 Nf6 19. b4 axb4 20. Rxb4 h5 21. fxe5 dxe5 22. d4 e4 23. c5 h4 24. Nf4 hxg3+ 25. Kxg3 Nxf4 26. Rxf4 Nh5+ 27. Kh2 Nxf4 28. Bxf4 Be6 29. Bd6 Bh6 30. Ne2 Qh4 31. Qb2 Bc8 32. Bg3 Qd8 33. Nf4 Bxf4 34. Bxf4 Qh4 35. Qd2 Be6 36. Qe3 Kh7 37. Bf1 Rg8 38. a5 Qh5 39. Rb2 Qf3 40. Qxf3 exf3 41. Rf2 Bd5 42. Bd3 Rg2+ 43. Rxg2 fxg2 44. Kg1 Kg6 45. Kh2 Rh7 46. Be3 Re7 47. Bf2 Kg5 48. h4+ Kg4 49. h5 Rh7 50. Be2+ Bf3 0-1

[Event "GBR-ch111 Major Open"]
[Site "Liverpool"]
[Date "2025.08.09"]
[Round "8.55"]
[White "Ding, Yihua"]
[Black "Woozeer, Seth"]
[Result "0-1"]
[WhiteElo "1536"]
[BlackElo "1780"]
[PlyCount "76"]
[EventDate "2025.08.02"]
[EventType "swiss"]
[EventRounds "9"]
[EventCountry "GBR"]
[SourceTitle "BritBase"]
[Source "John Saunders"]
[SourceDate "2025.08.11"]
[SourceVersion "1"]
[SourceVersionDate "2025.08.11"]
[SourceQuality "1"]

1. d4 Nf6 2. c4 g6 3. Nc3 Bg7 4. Bf4 O-O 5. e3 d6 6. Nf3 Nh5 7. Bg3 Nxg3 8. hxg3 Nd7 9. Bd3 e5 10. Qc2 exd4 11. Nxd4 Ne5 12. Be2 Bd7 13. Nf3 Nxf3+ 14. Bxf3 Bc6 15. Bxc6 bxc6 16. Rc1 Rb8 17. b3 Re8 18. Qe2 d5 19. cxd5 cxd5 20. Nb5 d4 21. Rd1 c5 22. O-O Qb6 23. Na3 dxe3 24. fxe3 Qe6 25. Nc4 Rbd8 26. Qf3 f5 27. Qb7 Bh6 28. Rxd8 Rxd8 29. Qxa7 Bxe3+ 30. Kh2 Bd4 31. g4 Qf6 32. Rf3 Be5+ 33. Nxe5 Qxe5+ 34. g3 Rd2+ 35. Kh3 fxg4+ 36. Kxg4 h5+ 37. Kh3 Qe6+ 38. Kh4 Qg4# 0-1

[Event "GBR-ch111 Major Open"]
[Site "Liverpool"]
[Date "2025.08.09"]
[Round "8.57"]
[White "Raj Konwar, Daryan"]
[Black "Shah, Samuel"]
[Result "1/2-1/2"]
[WhiteElo "1572"]
[BlackElo "1693"]
[PlyCount "112"]
[EventDate "2025.08.02"]
[EventType "swiss"]
[EventRounds "9"]
[EventCountry "GBR"]
[SourceTitle "BritBase"]
[Source "John Saunders"]
[SourceDate "2025.08.11"]
[SourceVersion "1"]
[SourceVersionDate "2025.08.11"]
[SourceQuality "1"]

1. e4 e5 2. Nf3 Nc6 3. c3 d5 4. exd5 Qxd5 5. d3 Bg4 6. Be2 O-O-O 7. Be3 Nge7 8. c4 Qd7 9. Nc3 Nf5 10. a3 Bxf3 11. gxf3 Nfd4 12. Bf1 Qf5 13. Bg2 Ne6 14. Ne4 Nf4 15. Bxf4 Qxf4 16. Qd2 Qxd2+ 17. Kxd2 Nd4 18. Rab1 Be7 19. Ng3 f5 20. Rhe1 Bf6 21. b4 Rd6 22. Bh3 g6 23. Kc3 Nxf3 24. Re3 Ng5 25. Ne4 Re6 26. Nxf6 Nxh3 27. Rxh3 Rxf6 28. Re1 Re6 29. c5 Kd7 30. Kc4 c6 31. a4 Re7 32. b5 Rhe8 33. f3 Kc7 34. d4 exd4 35. Rxh7 Rxh7 36. Rxe8 Rxh2 37. Re7+ Kc8 38. b6 axb6 39. cxb6 Ra2 40. Rc7+ Kd8 41. Kb3 d3 42. Rh7 Rf2 43. Kc3 d2 44. Kc2 Rxf3 45. Rxb7 Ra3 46. Rc7 Rxa4 47. Rxc6 Rb4 48. Rxg6 Rd4 49. Kd1 Kc8 50. Rg2 Kb7 51. Rxd2 Re4 52. Rd6 f4 53. Rf6 Ka6 54. Kd2 Kb7 55. Kd1 Ra4 56. Ke2 f3+ 1/2-1/2

[Event "GBR-ch111 Major Open"]
[Site "Liverpool"]
[Date "2025.08.09"]
[Round "8.58"]
[White "Ursu, Alexander"]
[Black "Clerc, Oceane"]
[Result "1/2-1/2"]
[WhiteElo "1636"]
[BlackElo "1844"]
[PlyCount "83"]
[EventDate "2025.08.02"]
[EventType "swiss"]
[EventRounds "9"]
[EventCountry "GBR"]
[SourceTitle "BritBase"]
[Source "John Saunders"]
[SourceDate "2025.08.11"]
[SourceVersion "1"]
[SourceVersionDate "2025.08.11"]
[SourceQuality "1"]

1. d4 Nf6 2. c4 g6 3. Nf3 Bg7 4. Nc3 O-O 5. Bf4 d6 6. h3 Nc6 7. e3 Nd7 8. Be2 e5 9. Bh2 f5 10. d5 Ne7 11. e4 Nc5 12. Nd2 a5 13. exf5 Bxf5 14. Nb3 Ne4 15. Nxe4 Bxe4 16. O-O Bf5 17. g4 Bd7 18. Nd2 g5 19. Ne4 Ng6 20. Bd3 Qe7 21. c5 Nf4 22. Bxf4 gxf4 23. f3 dxc5 24. Qb3 Kh8 25. Qxb7 Rfc8 26. Rac1 Rab8 27. Qa7 Qh4 28. Rc2 Ra8 29. Qxc5 Rab8 30. Ba6 Rg8 31. Qxc7 Ra8 32. Bb7 Rad8 33. Qxa5 h5 34. Qc7 Be8 35. Qc5 Bg6 36. Qc4 Bxe4 37. Qxe4 Rd6 38. Rh2 Rh6 39. Qe2 Qe7 40. Bc6 Bf6 41. Qe4 Bh4 42. b4 1/2-1/2

[Event "GBR-ch111 Major Open"]
[Site "Liverpool"]
[Date "2025.08.09"]
[Round "8.59"]
[White "Storey, Cameron"]
[Black "Pleimling, Luc"]
[Result "1-0"]
[WhiteElo "1774"]
[BlackElo "1664"]
[PlyCount "71"]
[EventDate "2025.08.02"]
[EventType "swiss"]
[EventRounds "9"]
[EventCountry "GBR"]
[SourceTitle "BritBase"]
[Source "John Saunders"]
[SourceDate "2025.08.11"]
[SourceVersion "1"]
[SourceVersionDate "2025.08.11"]
[SourceQuality "1"]

1. e4 e5 2. Nf3 Nf6 3. Nc3 Bb4 4. d3 d6 5. h3 O-O 6. Be2 Re8 7. Bg5 Nbd7 8. O-O h6 9. Bh4 Bxc3 10. bxc3 c6 11. c4 Nf8 12. Re1 Ng6 13. Bg3 Nh5 14. Bh2 Nhf4 15. Bf1 f5 16. Bxf4 Nxf4 17. g3 fxe4 18. gxf4 exf3 19. Qxf3 Rf8 20. Qh5 Rxf4 21. Rad1 Rf5 22. Qe2 Rg5+ 23. Kh2 Qf6 24. d4 Qf4+ 25. Kh1 Bd7 26. dxe5 Rxe5 27. Qd3 Rxe1 28. Rxe1 Bf5 29. Qc3 Be4+ 30. Kg1 Rf8 31. Qd4 Qf3 32. Qxe4 Qxf2+ 33. Kh1 Qg3 34. Bg2 Rf2 35. Qe6+ Rf7 36. Rf1 1-0

[Event "GBR-ch111 Major Open"]
[Site "Liverpool"]
[Date "2025.08.09"]
[Round "8.60"]
[White "Barton, Will"]
[Black "Boganadham, Ved Sudeep"]
[Result "0-1"]
[WhiteElo "1580"]
[BlackElo "1731"]
[PlyCount "50"]
[EventDate "2025.08.02"]
[EventType "swiss"]
[EventRounds "9"]
[EventCountry "GBR"]
[SourceTitle "BritBase"]
[Source "John Saunders"]
[SourceDate "2025.08.11"]
[SourceVersion "1"]
[SourceVersionDate "2025.08.11"]
[SourceQuality "1"]

1. e4 e5 2. Nf3 Nf6 3. d4 Nxe4 4. Bd3 d5 5. Nxe5 Bd6 6. O-O O-O 7. Re1 f5 8. Qh5 Nd7 9. Nxd7 Bxd7 10. Nd2 c6 11. Bf1 Qf6 12. c3 Rae8 13. Nf3 f4 14. Bd3 Bf5 15. Nh4 Ng3 16. Qxe8 Rxe8 17. Rxe8+ Kf7 18. Nxf5 Nxf5 19. Re1 f3 20. g3 Qg6 21. Bd2 Qg4 22. Bf1 Bxg3 23. hxg3 Nxg3 24. fxg3 Qxg3+ 25. Kh1 f2 0-1

[Event "GBR-ch111 Major Open"]
[Site "Liverpool"]
[Date "2025.08.09"]
[Round "8.61"]
[White "Railwani, Tavish"]
[Black "Van Uytvange, Jonas"]
[Result "1-0"]
[WhiteElo "1714"]
[BlackElo "1566"]
[PlyCount "97"]
[EventDate "2025.08.02"]
[EventType "swiss"]
[EventRounds "9"]
[EventCountry "GBR"]
[SourceTitle "BritBase"]
[Source "John Saunders"]
[SourceDate "2025.08.11"]
[SourceVersion "1"]
[SourceVersionDate "2025.08.11"]
[SourceQuality "1"]

1. e4 e5 2. Nf3 Nc6 3. Bc4 Bc5 4. d3 h6 5. c3 d6 6. b4 Bb6 7. a4 a5 8. b5 Nce7 9. Nbd2 Nf6 10. O-O O-O 11. d4 Ng6 12. Qc2 Be6 13. Bxe6 fxe6 14. dxe5 Ng4 15. exd6 N6e5 16. h3 Nxf3+ 17. Nxf3 Rxf3 18. gxf3 Qh4 19. Kg2 Nf6 20. e5 Nh5 21. Qe4 Qxe4 22. fxe4 cxd6 23. exd6 Nf6 24. e5 Nd7 25. f4 Rc8 26. Bb2 Rc4 27. f5 Kf7 28. Rfe1 Rf4 29. fxe6+ Kxe6 30. Re2 Bc5 31. Kg3 g5 32. Kg2 Rc4 33. Kh1 Rf4 34. Kg2 Rc4 35. Rf1 Nxe5 36. d7 Bb6 37. Rfe1 Kxd7 38. Rxe5 Rxa4 39. Re7+ Kd6 40. R1e6+ Kc5 41. Rxb7 Ra2 42. Rc6+ Kd5 43. Rcxb6 Rxb2+ 44. Kg3 h5 45. Rg6 Kc4 46. Rxg5 Kxc3 47. b6 Rb4 48. Rc5+ Kb3 49. Rxa5 1-0

[Event "GBR-ch111 Major Open"]
[Site "Liverpool"]
[Date "2025.08.10"]
[Round "9.1"]
[White "Quaite, Toby"]
[Black "Kolani, Arjun"]
[Result "1-0"]
[WhiteElo "1988"]
[BlackElo "2118"]
[PlyCount "81"]
[EventDate "2025.08.02"]
[EventType "swiss"]
[EventRounds "9"]
[EventCountry "GBR"]
[SourceTitle "BritBase"]
[Source "John Saunders"]
[SourceDate "2025.08.11"]
[SourceVersion "1"]
[SourceVersionDate "2025.08.11"]
[SourceQuality "1"]

1. c4 c5 2. Nc3 Nc6 3. g3 g6 4. Bg2 Bg7 5. a3 d6 6. Rb1 a5 7. e3 h5 8. h3 e5 9. Nd5 Nge7 10. Ne2 Nxd5 11. cxd5 Ne7 12. Nc3 b6 13. Qa4+ Bd7 14. Qc4 a4 15. b3 axb3 16. Qxb3 Nc8 17. h4 O-O 18. d3 f5 19. Bd2 Qe8 20. O-O b5 21. f4 Rb8 22. Rfe1 b4 23. axb4 cxb4 24. Ne2 Ba4 25. Qc4 b3 26. Nc3 Nb6 27. Qb4 exf4 28. exf4 Qd7 29. Re6 Rfc8 30. Rxg6 Nc4 31. Qxa4 Qxa4 32. Nxa4 Nxd2 33. Re1 b2 34. Nxb2 Rxb2 35. Rxd6 Nb3 36. Rc6 Ra8 37. d6 Raa2 38. Bd5+ Kh7 39. Rc4 Nd2 40. Rc7 Ne4 41. Bxa2 1-0

[Event "GBR-ch111 Major Open"]
[Site "Liverpool"]
[Date "2025.08.10"]
[Round "9.2"]
[White "Wall, Tim P"]
[Black "Varnam, Liam D"]
[Result "1-0"]
[WhiteElo "2158"]
[BlackElo "2105"]
[PlyCount "51"]
[EventDate "2025.08.02"]
[EventType "swiss"]
[EventRounds "9"]
[EventCountry "GBR"]
[SourceTitle "BritBase"]
[Source "John Saunders"]
[SourceDate "2025.08.11"]
[SourceVersion "1"]
[SourceVersionDate "2025.08.11"]
[SourceQuality "1"]

1. d4 Nf6 2. Nc3 d5 3. Bf4 g6 4. e3 Bg7 5. h4 h5 6. Nf3 O-O 7. Qd2 c5 8. Ne5 Nc6 9. f3 Be6 10. O-O-O Rc8 11. g4 Qa5 12. Kb1 c4 13. gxh5 Nxh5 14. Bh3 Bxh3 15. Rxh3 Rfd8 16. Qg2 Nxe5 17. Bxe5 Rc6 18. Qg5 Bf6 19. Qh6 Bxe5 20. dxe5 Rb6 21. Kc1 Qb4 22. Rd4 Qxb2+ 23. Kd2 Rb3 24. Nxd5 c3+ 25. Kd3 Ng7 26. Nf6+ 1-0

[Event "GBR-ch111 Major Open"]
[Site "Liverpool"]
[Date "2025.08.10"]
[Round "9.3"]
[White "Cancedda-Dupuis, Livio"]
[Black "Pilley, Jack"]
[Result "1-0"]
[WhiteElo "2053"]
[BlackElo "2032"]
[PlyCount "85"]
[EventDate "2025.08.02"]
[EventType "swiss"]
[EventRounds "9"]
[EventCountry "GBR"]
[SourceTitle "BritBase"]
[Source "John Saunders"]
[SourceDate "2025.08.11"]
[SourceVersion "1"]
[SourceVersionDate "2025.08.11"]
[SourceQuality "1"]

1. e4 c6 2. d4 d5 3. Nc3 dxe4 4. Nxe4 Nf6 5. Nxf6+ exf6 6. c3 Bd6 7. Bd3 O-O 8. Ne2 Re8 9. Qc2 h6 10. O-O Nd7 11. Bf4 Nf8 12. Bxd6 Qxd6 13. Ng3 g6 14. Ne4 Qd8 15. Rfe1 Be6 16. Nc5 b6 17. Nxe6 Nxe6 18. Be4 Qd6 19. Qa4 Rec8 20. g3 Rc7 21. Rad1 Nf8 22. Bg2 Kg7 23. c4 h5 24. b4 Rd8 25. c5 Qd7 26. Qb3 Re8 27. Rxe8 Qxe8 28. b5 bxc5 29. Bxc6 Qe7 30. d5 Qd6 31. a4 Nd7 32. Qa3 h4 33. gxh4 Qf4 34. h3 Qd6 35. a5 Ne5 36. Rc1 Nd7 37. Qe3 Kh7 38. h5 g5 39. h4 Kh6 40. Kh1 Kxh5 41. Rg1 Qe5 42. hxg5 fxg5 43. d6 1-0

[Event "GBR-ch111 Major Open"]
[Site "Liverpool"]
[Date "2025.08.10"]
[Round "9.4"]
[White "Taylor, Adam A"]
[Black "Sefton, Adam"]
[Result "0-1"]
[WhiteElo "2279"]
[BlackElo "2074"]
[PlyCount "138"]
[EventDate "2025.08.02"]
[EventType "swiss"]
[EventRounds "9"]
[EventCountry "GBR"]
[SourceTitle "BritBase"]
[Source "John Saunders"]
[SourceDate "2025.08.11"]
[SourceVersion "1"]
[SourceVersionDate "2025.08.11"]
[SourceQuality "1"]

1. Nf3 Nf6 2. b3 d5 3. Ba3 g6 4. e3 Bg7 5. d4 O-O 6. Be2 Re8 7. O-O Nbd7 8. Bb2 c6 9. c4 Ne4 10. Nc3 Ndf6 11. Ne5 Nxc3 12. Bxc3 Ne4 13. Bb2 Be6 14. cxd5 cxd5 15. Rc1 Qa5 16. Nd3 Rac8 17. Qe1 Qxa2 18. Qb4 Qa6 19. f3 Nf6 20. Nf4 Qd6 21. Qa5 Bh6 22. Ba3 Qb8 23. Rxc8 Bxc8 24. g3 e5 25. dxe5 Qxe5 26. Qxa7 Qxe3+ 27. Qxe3 Rxe3 28. Rc1 Bd7 29. Kf2 Bxf4 30. gxf4 Rxb3 31. Be7 Ne8 32. Ra1 f6 33. Bc5 Kf7 34. Bd4 Nc7 35. Bd1 Rb4 36. Be3 Rb2+ 37. Kg1 Ne6 38. f5 gxf5 39. Bc1 Rb6 40. Kf2 Ra6 41. Rxa6 bxa6 42. Bb3 Bc6 43. f4 Nc5 44. Bc2 Kg6 45. Be3 Ne6 46. Kg3 d4 47. Bf2 Bd5 48. Ba4 d3 49. Be3 Be4 50. Bb6 Kf7 51. Bb3 Ke7 52. Ba5 Kd6 53. Bc4 Nc5 54. Bb4 Kc6 55. Bg8 Bd5 56. Bxh7 d2 57. Bxd2 Ne4+ 58. Kf3 Ng5+ 59. Ke3 Nxh7 60. Kd4 Bf7 61. Bb4 Kb5 62. Be7 a5 63. h4 Kc6 64. Bd8 a4 65. Be7 Kd7 66. Ba3 Bb3 67. h5 Ke6 68. Kc5 Kf7 69. Kd6 Kg7 0-1

[Event "GBR-ch111 Major Open"]
[Site "Liverpool"]
[Date "2025.08.10"]
[Round "9.5"]
[White "Nicholas, Koichi B"]
[Black "Ortiz Sanchez, Luis"]
[Result "1/2-1/2"]
[WhiteElo "2091"]
[BlackElo "1908"]
[PlyCount "45"]
[EventDate "2025.08.02"]
[EventType "swiss"]
[EventRounds "9"]
[EventCountry "GBR"]
[SourceTitle "BritBase"]
[Source "John Saunders"]
[SourceDate "2025.08.11"]
[SourceVersion "1"]
[SourceVersionDate "2025.08.11"]
[SourceQuality "1"]

1. e4 c5 2. Nf3 Nc6 3. d4 cxd4 4. Nxd4 g6 5. Be2 Nf6 6. Nc3 Bg7 7. Be3 O-O 8. O-O d5 9. exd5 Nb4 10. Bc1 Nfxd5 11. Nxd5 Nxd5 12. c3 e5 13. Nc2 Bf5 14. Ne3 Nxe3 15. Bxe3 Be4 16. Qxd8 Rfxd8 17. Rfd1 b6 18. Rxd8+ Rxd8 19. Rd1 Rxd1+ 20. Bxd1 Bd5 21. a4 Bf8 22. a5 Bc5 23. axb6 1/2-1/2

[Event "GBR-ch111 Major Open"]
[Site "Liverpool"]
[Date "2025.08.10"]
[Round "9.6"]
[White "Rich, Aaron"]
[Black "Nelson, Jonathan P"]
[Result "1/2-1/2"]
[WhiteElo "1944"]
[BlackElo "2114"]
[PlyCount "84"]
[EventDate "2025.08.02"]
[EventType "swiss"]
[EventRounds "9"]
[EventCountry "GBR"]
[SourceTitle "BritBase"]
[Source "John Saunders"]
[SourceDate "2025.08.11"]
[SourceVersion "1"]
[SourceVersionDate "2025.08.11"]
[SourceQuality "1"]

1. e4 d6 2. d4 Nf6 3. Nc3 g6 4. Bc4 c6 5. Bb3 d5 6. Nf3 e6 7. O-O Be7 8. e5 Nfd7 9. Ne2 Na6 10. c3 Nb6 11. Bc2 Bd7 12. b4 Nc7 13. Bd2 Nc4 14. Bd3 Nb2 15. Qc2 Nxd3 16. Qxd3 b6 17. Rfb1 a5 18. bxa5 b5 19. a4 Rxa5 20. axb5 Nxb5 21. Rxa5 Qxa5 22. c4 dxc4 23. Qxc4 Qd8 24. Ra1 O-O 25. Bb4 Nc7 26. Bxe7 Qxe7 27. Nc3 Nd5 28. Ne4 Rb8 29. g3 Be8 30. Nd6 g5 31. h3 h6 32. Qc5 f5 33. Ra7 Qf8 34. Ra6 Bh5 35. Nd2 f4 36. g4 f3 37. Rxc6 Nf4 38. Rc8 Rxc8 39. Qxc8 Qxc8 40. Nxc8 Nxh3+ 41. Kh2 Bxg4 42. Kg3 h5 1/2-1/2

[Event "GBR-ch111 Major Open"]
[Site "Liverpool"]
[Date "2025.08.10"]
[Round "9.7"]
[White "Vadalia, Jainill"]
[Black "Rushbrooke, Remy"]
[Result "1/2-1/2"]
[WhiteElo "1929"]
[BlackElo "2090"]
[PlyCount "103"]
[EventDate "2025.08.02"]
[EventType "swiss"]
[EventRounds "9"]
[EventCountry "GBR"]
[SourceTitle "BritBase"]
[Source "John Saunders"]
[SourceDate "2025.08.11"]
[SourceVersion "1"]
[SourceVersionDate "2025.08.11"]
[SourceQuality "1"]

1. d4 d5 2. c4 c6 3. Nc3 Nf6 4. cxd5 cxd5 5. Bf4 Nc6 6. e3 Bf5 7. Qb3 Na5 8. Qa4+ Bd7 9. Qc2 e6 10. Bd3 Rc8 11. Nge2 g6 12. O-O Nh5 13. Be5 f6 14. Bg3 Nxg3 15. Nxg3 f5 16. Rfc1 Bd6 17. Qe2 a6 18. Rc2 Nc6 19. a3 O-O 20. Nf1 Qh4 21. g3 Qh3 22. f4 Na5 23. Qg2 Qxg2+ 24. Kxg2 Rc7 25. b4 Rfc8 26. bxa5 Rxc3 27. Rd2 Rxa3 28. Rxa3 Bxa3 29. Ra2 Rc3 30. Be2 Bc6 31. Kf2 Kf8 32. Nd2 Bc1 33. Nf1 Ke7 34. Ra1 Kd6 35. h4 Ba3 36. Nd2 Bb4 37. Nf3 Ra3 38. Rb1 Bxa5 39. Rb2 Bc3 40. Rc2 b5 41. h5 b4 42. h6 a5 43. Ng5 Ra1 44. Nxh7 Ba4 45. Nf6 Bxc2 46. h7 Rh1 47. Bh5 Be4 48. Nxe4+ dxe4 49. h8=Q Rxh5 50. Qe5+ Kd7 51. Qb5+ Ke7 52. Kg2 1/2-1/2

[Event "GBR-ch111 Major Open"]
[Site "Liverpool"]
[Date "2025.08.10"]
[Round "9.8"]
[White "Bhatia, Kanishka"]
[Black "Terler, Bohdan"]
[Result "1/2-1/2"]
[WhiteElo "2067"]
[BlackElo "1974"]
[PlyCount "67"]
[EventDate "2025.08.02"]
[EventType "swiss"]
[EventRounds "9"]
[EventCountry "GBR"]
[SourceTitle "BritBase"]
[Source "John Saunders"]
[SourceDate "2025.08.11"]
[SourceVersion "1"]
[SourceVersionDate "2025.08.11"]
[SourceQuality "1"]

1. e4 c6 2. Nf3 d5 3. Nc3 dxe4 4. Nxe4 Nf6 5. Qe2 Nxe4 6. Qxe4 Nd7 7. d4 Nf6 8. Qd3 Bg4 9. Ne5 Bh5 10. c3 e6 11. Qh3 Bd6 12. Bg5 Bxe5 13. Bxf6 Bxf6 14. Qxh5 Qb6 15. Rb1 O-O 16. Bd3 g6 17. Qf3 Bg7 18. O-O Rad8 19. Rfe1 c5 20. dxc5 Qxc5 21. Qe2 e5 22. Rbd1 f5 23. Bc4+ Kh8 24. Bb3 b5 25. Rxd8 Rxd8 26. Rd1 Bf6 27. Rxd8+ Bxd8 28. Qd2 Bb6 29. g3 Kg7 30. Qd7+ Kh6 31. Qd2+ Kg7 32. h4 Kf6 33. Kg2 h6 34. Kh3 1/2-1/2

[Event "GBR-ch111 Major Open"]
[Site "Liverpool"]
[Date "2025.08.10"]
[Round "9.9"]
[White "Norris, Zack"]
[Black "Rughani, Mahin"]
[Result "0-1"]
[WhiteElo "2036"]
[BlackElo "1906"]
[PlyCount "112"]
[EventDate "2025.08.02"]
[EventType "swiss"]
[EventRounds "9"]
[EventCountry "GBR"]
[SourceTitle "BritBase"]
[Source "John Saunders"]
[SourceDate "2025.08.11"]
[SourceVersion "1"]
[SourceVersionDate "2025.08.11"]
[SourceQuality "1"]

1. Nf3 d5 2. g3 Nd7 3. Bg2 e5 4. d3 Ngf6 5. O-O c6 6. e4 dxe4 7. dxe4 Qc7 8. Nbd2 g6 9. a4 a5 10. Nc4 b5 11. axb5 cxb5 12. Ne3 Bb7 13. Nd5 Qd6 14. Ng5 h6 15. Nh3 Bg7 16. Nxf6+ Qxf6 17. Be3 Nb6 18. Qc1 Nc4 19. Bc5 Bf8 20. Bxf8 Kxf8 21. b3 Nd6 22. Qd2 Kg7 23. Rxa5 Bxe4 24. Rfa1 Bxg2 25. Kxg2 Rxa5 26. Rxa5 Rd8 27. Qe2 Rc8 28. Ra6 Qe7 29. Ra1 Rc5 30. Rd1 Qb7+ 31. Kg1 Nf5 32. c3 b4 33. c4 Nd4 34. Qe3 Ra5 35. g4 Nf3+ 36. Kg2 Nd4+ 37. Kg3 Nxb3 38. g5 h5 39. f3 Nd4 40. Qe4 Qxe4 41. fxe4 Ra3+ 42. Kg2 Rc3 43. Nf2 Ne6 44. Nd3 Rxd3 45. Rb1 b3 46. Rb2 Nd4 47. Kf1 Rc3 48. Kg1 Rc1+ 49. Kf2 Rc2+ 50. Kg3 Rxb2 51. c5 Rc2 52. c6 Rxc6 53. Kh4 b2 54. h3 b1=Q 55. Kg3 Rc3+ 56. Kh4 Qxe4# 0-1

[Event "GBR-ch111 Major Open"]
[Site "Liverpool"]
[Date "2025.08.10"]
[Round "9.10"]
[White "Lee, Alexandre KM"]
[Black "Sieczkowski, Adam"]
[Result "1-0"]
[WhiteElo "2006"]
[BlackElo "1806"]
[PlyCount "109"]
[EventDate "2025.08.02"]
[EventType "swiss"]
[EventRounds "9"]
[EventCountry "GBR"]
[SourceTitle "BritBase"]
[Source "John Saunders"]
[SourceDate "2025.08.11"]
[SourceVersion "1"]
[SourceVersionDate "2025.08.11"]
[SourceQuality "1"]

1. e4 c5 2. Nf3 g6 3. d4 cxd4 4. Nxd4 Nf6 5. Nc3 Bg7 6. Be3 Nc6 7. Nxc6 bxc6 8. e5 Ng8 9. Bd4 Nh6 10. e6 Bxd4 11. Qxd4 O-O 12. exd7 Qxd7 13. O-O-O Qb7 14. Bc4 Rb8 15. Bb3 c5 16. Qxc5 Qxg2 17. Qxe7 Bg4 18. Qg5 Kg7 19. Rhg1 Qf3 20. Qe5+ Qf6 21. Qxf6+ Kxf6 22. Rd4 Bf5 23. Nd5+ Kg7 24. Ne3 Bh3 25. Rgd1 Rfe8 26. Ra4 Re7 27. Bd5 Nf5 28. Re1 Kf6 29. Bf3 Kg5 30. Rg1+ Kh6 31. Nd5 Re5 32. Nf4 Nh4 33. Bd1 Bf5 34. Nd3 Re4 35. Rxe4 Bxe4 36. Rg4 Bf3 37. Rxh4+ Kg5 38. Rb4 Rxb4 39. Nxb4 Bb7 40. Kd2 Kf4 41. Nd3+ Kg5 42. Ke3 Kh4 43. Bf3 Bxf3 44. Kxf3 Kh3 45. c4 Kxh2 46. c5 g5 47. c6 h5 48. c7 g4+ 49. Kf4 h4 50. c8=Q g3 51. fxg3 hxg3 52. Qh8+ Kg1 53. Kxg3 Kf1 54. Qe5 f6 55. Qe1# 1-0